000
00269nam a22001217a 4500
008
230703b xxu||||| |||| 00| 0 eng d
082
_a
352
_b
ROK
100
_c
GOK
245
_a
Staff List as at 1st July 1967
260
_b
GOK
_c
1967
300
_a
274p
942
_2
ddc
_c
BK
999
_c
3170
_d
3170